000
00350nam a2200157Ia 4500
003
OSt
005
20231123071733.0
008
170524s9999 xx 000 0 und d
020
_a
1-25-902774-0
040
_c
IIMT
100
_a
GHILLYER- ANDREW
100
_c
2012
245
0
_a
MANAGEMENT: A REAL WORLD APPROACH
260
_a
TMH
942
_2
ddc
_c
02
999
_c
2709
_d
2709